NCT 2020 names - Statistics

General Stats
  • This quiz has been taken 382 times
  • The average score is 22 of 23
Answer Stats
Answer % Correct
Mark
98%
Taeyong
98%
Ten
98%
Winwin
98%
Haechan
97%
Jaehyun
97%
Jaemin
97%
Johnny
97%
Lucas
97%
Jeno
96%
Taeil
96%
Yuta
96%
Chenle
95%
Jisung
95%
Renjun
95%
Doyoung
94%
Kun
94%
Hendery
93%
Yangyang
93%
Jungwoo
92%
Shotaro
92%
Xiaojun
91%
Sungchan
90%
No matching quizzes found
Score Distribution
Percent of People with Each Score
Percentile by Number Answered
Your Score History
You have not taken this quiz